01463 a2200169 45000010006000000050017000060080041000230030015000640400040000790800088001192450115002072640043003223000019003655050751003841000026011358560132011612551020260407155539.0260407a1979 arg spa dAR-UNSa-BCEJYS aAR-UNSa-BCEJYSbspacAR-UNSa-BCEJYS a657.05xContabilidad de gestión (Contabilidad gerencial, control de gestión...)10aIntroducción a la Contabilidad Gerencialpla información empresaria para planeamiento, gestión y control 1aBuenos Aires :bEdiciones Macchic1979 a333 p.c23 cm. aParte I : 1. La contabilidad gerencial como actitud profesional - 2. Desde la teneduría de libroes hasta la contabilidad gerencial - 3. Contabilidad, contabilidad patrimonial y contabilidad gerencial - 4. La empresa, la contabilidad y sus ramas patrimonial/gerencial : ensayo de un modelo - 5. Contabilidad gerencial: citas y comentarios biográficos - Parte II : 1. La contabilidad gerencial en países en desarrollo - 2. Planeamiento a corto plazo.Su formulación en moneda constante en un contexto inflacionario - 3. Planeamiento a largo plazo.Su aplicabilidad a empresas medianas - 4. Proyectos de inversión y de desinversión.Su inserción dentro del planeamiento empresario - 5. La contabilidad gerencial al servicio de la empresa.1 aHerrscher, Enrique G.41uhttps://biblioeco.unsa.edu.ar/pmb/images/libros/Contabilidad Grencial (Enrique G. Herrscher).jpgyImagen de portadaqimage/jpeg